| 000 | 00393nam a2200133Ia 4500 | ||
|---|---|---|---|
| 008 | 200626s9999 xx 000 0 und d | ||
| 020 | _a978-0-16-880779-7 | ||
| 100 | _aScott, Peter | ||
| 245 |
_cPeter Scott.-- _aAccounting for business/ |
||
| 250 | _a3rd ed. | ||
| 260 |
_aUnited Kingdom: _bOxford University Press _c2019 |
||
| 300 | _axxi, 564 pages | ||
| 500 | _aIncludes appendix and index. | ||
| 999 |
_c363921 _d363921 |
||